[Event "St Jean op"]
[Site "St Jean sur Richelieu"]
[Date "2004.06.27"]
[Round "5"]
[White "Nadeau, Sebastien"]
[Black "Amesse, Louis Philippe"]
[Result "1/2-1/2"]
[WhiteElo "1838"]
[BlackElo "1668"]
[PlyCount "91"]
[EventDate "2004.06.??"]
[EventType "swiss"]
[EventRounds "5"]
[EventCountry "CAN"]
[SourceTitle "EXT 2006"]
[Source "ChessBase"]
[SourceDate "2005.11.24"]
[SourceVersion "1"]
[SourceVersionDate "2005.11.24"]
[SourceQuality "1"]

1. e4 d6 2. d4 Nf6 3. Nc3 g6 4. f4 Bg7 5. Nf3 0-0 6. h3 c5 7. Be3 cxd4 8. Nxd4 e5 9. Ndb5 Qa5 10. Bd3 exf4 11. Bxf4 d5 12. 0-0 dxe4 13. Bc4 Na6 14. Qe2 Bd7 15. Nd6 Qb6+ 16. Kh1 Qxb2 17. Be5 Nh5 18. Bxf7+ Kh8 19. Bxg7+ Kxg7 20. Qe3 Qb6 21. Qxb6 Ng3+ 22. Kg1 axb6 23. Rf4 Nc5 24. Kh2 Nf5 25. Nxf5+ gxf5 26. Bd5 Bc6 27. g4 Ra3 28. Bb3 fxg4 29. Rxg4+ Kh8 30. Rag1 Nxb3 31. cxb3 Rf2+ 32. R1g2 Rxg2+ 33. Kxg2 e3+ 34. Kf1 Ra8 35. Ke2 Rf8 36. Rg3 Re8 37. Rxe3 Rxe3+ 38. Kxe3 Kg7 39. Ne4 Kg6 40. Nd6 Bg2 41. a4 Bxh3 42. Nxb7 Be6 43. b4 Bb3 44. a5 bxa5 45. Nxa5 Ba4 46. Nc4 1/2-1/2